| 000 | 00678nam a2200241 4500 | ||
|---|---|---|---|
| 001 | 126380 | ||
| 003 | ES-MaACL | ||
| 005 | 20250110131125.0 | ||
| 007 | t| | ||
| 008 | 070214s1985 sp r ||||1| spa d | ||
| 020 | _a84-350-0507-0 | ||
| 080 | _a821.111-31"19" | ||
| 100 | 1 |
_aRenault, Mary. _996193 |
|
| 245 | 1 | 0 |
_aJuegos funerarios / _cMary Renault ; traducción de Rafael Urbino. |
| 250 | _a1ª ed., reimp. | ||
| 260 |
_aBarcelona : _bEdhasa, _c1985. |
||
| 300 |
_a302 p. ; _c23 cm. |
||
| 490 | 1 | _aNarrativas Edhasa | |
| 700 | 1 |
_aUrbino, Rafael. _9112097 |
|
| 830 | 1 |
_aNarrativas (Edhasa) _9183509 |
|
| 852 |
_aES-MaACL _jL-8699 |
||
| 999 |
_c126380 _d126380 |
||